[Event "PRO League Eastern 2017"]
[Site "chess.com INT"]
[Date "2017.01.11"]
[Round "1"]
[White "Kulkarni, Vikramaditya"]
[Black "Mihok, Oliver"]
[Result "0-1"]
[WhiteTitle "IM"]
[BlackTitle "GM"]
[WhiteElo "2285"]
[BlackElo "2505"]
[WhiteTeam "Mumbai Movers"]
[BlackTeam "Budapest Gambit"]
[WhiteFideId "5009847"]
[BlackFideId "728012"]
[EventDate "2017.01.11"]

1. Nf3 c5 2. c4 Nc6 3. Nc3 g6 4. g3 e5 5. Bg2 Bg7 6. O-O Nge7 7. a3 O-O 8. Rb1
d5 9. cxd5 Nxd5 10. Nxe5 Nxc3 11. Nxc6 Nxe2+ 12. Qxe2 bxc6 13. Bxc6 Bf5 14. Bxa8
Qxa8 15. d3 Re8 16. Qd1 Bh3 17. f3 Bd4+ 18. Kh1 Bxf1 19. Qxf1 Re1 20. Qxe1 Qxf3# 0-1

[Event "PRO League Eastern 2017"]
[Site "chess.com INT"]
[Date "2017.01.11"]
[Round "1"]
[White "Kantans, Toms"]
[Black "Tari, Aryan"]
[Result "1/2-1/2"]
[WhiteTitle "IM"]
[BlackTitle "GM"]
[WhiteElo "2456"]
[BlackElo "2584"]
[WhiteTeam "Riga Magicians"]
[BlackTeam "Norway Gnomes"]
[WhiteFideId "11602945"]
[BlackFideId "1510045"]
[EventDate "2017.01.11"]

1. e4 c6 2. d4 d5 3. e5 Bf5 4. Nf3 e6 5. Be2 Ne7 6. O-O c5 7. Be3 Nec6 8. c4
cxd4 9. Nxd4 Nxd4 10. Bxd4 Nc6 11. cxd5 Qxd5 12. Bf3 Qd7 13. Bc3 Bc5 14. Nd2
O-O-O 15. Ne4 Qxd1 16. Rfxd1 Bxe4 17. Bxe4 Kc7 18. Kf1 Bb4 19. Bxb4 Nxb4 20.
Rac1+ Kb6 21. a3 Nc6 22. f4 h5 23. Kf2 Ne7 24. Kg3 f5 25. Bf3 h4+ 26. Kf2 Nc6
27. Ke3 Rxd1 28. Bxd1 Rd8 29. Bb3 Nd4 30. Ba2 a5 31. Rc4 Nb5 32. Bb3 Nc7 33. Rd4
Rxd4 34. Kxd4 Nb5+ 35. Kc4 Nc7 36. g3 Kc6 37. Kd4 hxg3 38. hxg3 b6 39. Ba4+ b5
40. Bd1 Kb6 41. Bf3 Na6 42. Bd1 Nc7 43. Bh5 Kc6 44. g4 fxg4 45. Bxg4 Kb6 46. Bf3
Na6 47. Bg2 Nc5 48. Bh3 a4 49. f5 exf5 50. Bxf5 Kc6 51. Bg6 Nb3+ 52. Kc3 Kd5 53.
Be8 Nd4 54. e6 Nxe6 55. Bxb5 Nc5 56. Be2 g5 57. Kb4 Kd4 58. Bh5 Nd3+ 59. Kxa4
Nxb2+ 60. Kb5 Ke3 61. Kb4 Kf4 62. Kb3 Nd3 63. Kc4 Ne5+ 64. Kb5 g4 65. Bxg4 Kxg4
66. a4 Nd7 67. a5 Nb8 68. Kb6 Kf5 69. Kb7 Nd7 70. Kc7 Nc5 71. Kb6 Nd7+ 72. Kc6
Nb8+ 73. Kb7 Nd7 74. a6 Nc5+ 75. Kb6 Nxa6 1/2-1/2

[Event "PRO League Eastern 2017"]
[Site "chess.com INT"]
[Date "2017.01.11"]
[Round "1"]
[White "Kantans, Toms"]
[Black "Mihajlov, Sebastian"]
[Result "1-0"]
[WhiteTitle "IM"]
[BlackTitle "FM"]
[WhiteElo "2456"]
[BlackElo "2384"]
[WhiteTeam "Riga Magicians"]
[BlackTeam "Norway Gnomes"]
[WhiteFideId "11602945"]
[BlackFideId "1512110"]
[EventDate "2017.01.11"]

1. e4 e6 2. c4 d5 3. cxd5 exd5 4. exd5 Nf6 5. Nc3 Nxd5 6. Nf3 Nc6 7. d4 Bb4 8.
Bd2 O-O 9. Be2 Be6 10. O-O Be7 11. Bd3 h6 12. Re1 Qd7 13. Rc1 Rad8 14. Bb1 Nf6
15. Bf4 Nxd4 16. Nxd4 Qxd4 17. Qxd4 Rxd4 18. Bxc7 a6 19. Ne2 Rb4 20. b3 Nd5 21.
Be5 Bg5 22. Rcd1 Rc8 23. h3 Bf6 24. Bxf6 Nxf6 25. Nd4 Bd7 26. Nf5 Re8 27. Rxe8+
Bxe8 28. Rd8 Kf8 29. g4 a5 30. Bc2 Rb5 31. Rb8 Rc5 32. Bd3 b5 33. Nd6 Ke7 34.
Nxe8 Nxe8 35. Rxb5 Rxb5 36. Bxb5 Nd6 37. Bc6 g5 38. Kf1 Kd8 39. Ke2 Kc7 40. Bd5
Kb6 41. Kd3 Kc5 42. Bc4 f5 43. a3 Ne4 44. f3 Nd6 45. Kc3 fxg4 46. hxg4 Nc8 47.
b4+ axb4+ 48. axb4+ Kc6 49. Kd4 Kd6 50. Ke4 Ne7 51. Bf7 Nc6 52. b5 Ne5 53. Be8
Nc4 54. Kf5 Ke7 55. Bc6 Nd6+ 56. Kg6 Nf7 57. Bd5 Nd6 58. b6 1-0

[Event "PRO League Eastern 2017"]
[Site "chess.com INT"]
[Date "2017.01.11"]
[Round "1"]
[White "Hauge, Lars Oskar"]
[Black "Neiksans, Arturs"]
[Result "1/2-1/2"]
[WhiteTitle "IM"]
[BlackTitle "GM"]
[WhiteElo "2431"]
[BlackElo "2627"]
[WhiteTeam "Norway Gnomes"]
[BlackTeam "Riga Magicians"]
[WhiteFideId "1509276"]
[BlackFideId "11601388"]
[EventDate "2017.01.11"]

1. d4 Nf6 2. Nc3 d5 3. Bf4 e6 4. e3 a6 5. Nf3 c5 6. Be2 Nc6 7. O-O Bd6 8. Ne5
Qc7 9. Nxc6 Bxf4 10. exf4 Qxc6 11. Bf3 O-O 12. Re1 Bd7 13. dxc5 Qxc5 14. Ne2
Rac8 15. c3 Ne8 16. Qd4 Nd6 17. Qxc5 Rxc5 18. Nd4 g6 19. Re2 Nb5 20. Nxb5 Bxb5
21. Rd2 a5 22. g3 a4 23. a3 Bc4 24. Re1 Kg7 25. Bd1 Ra8 26. h4 Ra6 27. Be2 Rb6
28. Bxc4 Rxc4 29. Ree2 Kf6 30. Kg2 h6 31. Kf3 g5 32. fxg5+ hxg5 33. hxg5+ Kxg5
34. Kg2 Kf6 35. f4 Rd6 36. Kf3 Ke7 37. Re1 Rd8 38. Rh1 b5 39. Re1 Kf6 1/2-1/2

[Event "PRO League Eastern 2017"]
[Site "chess.com INT"]
[Date "2017.01.11"]
[Round "1"]
[White "Hauge, Lars Oskar"]
[Black "Kantans, Toms"]
[Result "0-1"]
[WhiteTitle "IM"]
[BlackTitle "IM"]
[WhiteElo "2431"]
[BlackElo "2456"]
[WhiteTeam "Norway Gnomes"]
[BlackTeam "Riga Magicians"]
[WhiteFideId "1509276"]
[BlackFideId "11602945"]
[EventDate "2017.01.11"]

1. e4 c5 2. Nf3 d6 3. Bb5+ Nd7 4. O-O Nf6 5. Re1 a6 6. Bf1 b6 7. d4 cxd4 8. Nxd4
Bb7 9. Nc3 Rc8 10. Nd5 e6 11. Nxf6+ Nxf6 12. f3 Be7 13. c4 O-O 14. Be3 Nd7 15.
Rc1 Qc7 16. b4 Qb8 17. a3 Rfe8 18. Qb3 Bd8 19. Bf2 Bc7 20. g3 Qa8 21. Qd3 Ne5
22. Qe2 h5 23. h3 Nd7 24. Qd3 Qb8 25. f4 e5 26. Nf3 exf4 27. gxf4 Qa8 28. Nd2
Nf8 29. Bg2 Ng6 30. Qf3 f5 31. Qg3 Nf8 32. Bd4 Ne6 33. Bxg7 Nxg7 34. exf5 Kf8
35. f6 Nf5 36. Qg6 Bxg2 37. f7 Rxe1+ 38. Rxe1 Ng7 39. f5 Bxh3 40. f6 Qg2+ 41.
Qxg2 Bxg2 42. fxg7+ Kxf7 43. Kxg2 Rg8 44. Rf1+ Ke6 45. Kh3 Rxg7 46. Ne4 d5 47.
cxd5+ Kxd5 48. Nf6+ Kc6 49. Nxh5 Re7 50. Rf3 Kb5 51. Nf6 Rf7 52. Kg4 Bd8 53. Nd5
Rxf3 54. Kxf3 Ka4 55. Ke4 Kxa3 56. Kd3 Kb3 57. Kd4 a5 58. bxa5 bxa5 59. Kd3 a4
60. Ne3 a3 61. Nc2 a2 62. Na1+ Kb2 63. Nc2 Ba5 64. Na1 Kxa1 65. Kc2 Bd2 0-1

[Event "PRO League Eastern 2017"]
[Site "chess.com INT"]
[Date "2017.01.11"]
[Round "1"]
[White "Abhishek, Kelkar"]
[Black "Bagi, Mate"]
[Result "1-0"]
[WhiteTitle "IM"]
[BlackTitle "IM"]
[WhiteElo "2381"]
[BlackElo "2443"]
[WhiteTeam "Mumbai Movers"]
[BlackTeam "Budapest Gambit"]
[WhiteFideId "5019257"]
[BlackFideId "742570"]
[EventDate "2017.01.11"]

1. d4 Nf6 2. c4 g6 3. Nc3 d5 4. cxd5 Nxd5 5. Bd2 Bg7 6. e4 Nxc3 7. Bxc3 O-O 8.
Qd2 c5 9. d5 Bxc3 10. bxc3 e6 11. d6 Bd7 12. h4 Qf6 13. Nf3 Nc6 14. O-O-O b5 15.
Qe3 e5 16. Bxb5 Qe6 17. Rd5 Rab8 18. Qh6 f6 19. Bc4 Na5 20. h5 g5 21. Nxg5 Nxc4 1-0

[Event "PRO League Eastern 2017"]
[Site "chess.com INT"]
[Date "2017.01.11"]
[Round "1"]
[White "Gorozhanin, Mikhail"]
[Black "Cawdery, Daniel"]
[Result "1-0"]
[WhiteTitle "FM"]
[BlackTitle "IM"]
[WhiteElo "2408"]
[BlackElo "2418"]
[WhiteTeam "Gorky Stormbringers"]
[BlackTeam "Johannesburg Koeksisters"]
[WhiteFideId "4178262"]
[BlackFideId "14300249"]
[EventDate "2017.01.11"]

1. d4 Nf6 2. Bf4 g6 3. e3 Bg7 4. Nf3 O-O 5. h3 d6 6. Be2 c5 7. Nbd2 Nc6 8. c3
Be6 9. a4 Qb6 10. Qb1 cxd4 11. exd4 Nd5 12. Bg3 Bf5 13. Qc1 Rac8 14. Nc4 Qd8 15.
O-O Nb6 16. Ne3 Be6 17. Qd1 Nd5 18. Ng5 Nxe3 19. fxe3 Bd7 20. Nf3 d5 21. Qb3 Qb6
22. Qxd5 Qxb2 23. Ra2 Be6 24. Qxe6 Qxe2 25. Qxf7+ Rxf7 26. Rxe2 Na5 27. Rc1 Rc4
28. Ra2 Bh6 29. Kf2 Rf6 30. Ke2 Rfc6 31. Kd3 Rb6 32. Nd2 Rc8 33. Rcc2 Rf8 34.
Bc7 Ra6 35. Bxa5 Rxa5 36. Nf3 Rf6 37. Rcb2 b6 38. Rb5 Re6 39. e4 Rc6 40. Rxa5
bxa5 41. Rb2 1-0

[Event "PRO League Eastern 2017"]
[Site "chess.com INT"]
[Date "2017.01.11"]
[Round "1"]
[White "Gorozhanin, Mikhail"]
[Black "Oberholzer, Francois"]
[Result "1-0"]
[WhiteTitle "FM"]
[BlackTitle "FM"]
[WhiteElo "2408"]
[BlackElo "2034"]
[WhiteTeam "Gorky Stormbringers"]
[BlackTeam "Johannesburg Koeksisters"]
[WhiteFideId "4178262"]
[BlackFideId "14302250"]
[EventDate "2017.01.11"]

1. d4 Nf6 2. Bf4 d5 3. e3 c5 4. c3 Nc6 5. Nd2 e6 6. Ngf3 Bd6 7. Bg3 O-O 8. Bd3
Re8 9. Ne5 Bxe5 10. dxe5 Nd7 11. f4 b6 12. O-O Bb7 13. e4 d4 14. Qe2 f6 15. exf6
Qxf6 16. e5 Qh6 17. Ne4 Rf8 18. Nd6 Rab8 19. Rae1 dxc3 20. bxc3 Ne7 21. Qg4 Nd5
22. Be4 Ba8 23. Bh4 Nxe5 24. fxe5 Rxf1+ 25. Kxf1 Rf8+ 26. Bf2 Rf4 27. Qg3 Bc6
28. Kg1 Rf8 29. c4 Nb4 30. Be3 Qh5 31. a3 Bxe4 32. Nxe4 Nc6 33. Nf6+ Rxf6 34.
exf6 1-0

[Event "PRO League Eastern 2017"]
[Site "chess.com INT"]
[Date "2017.01.11"]
[Round "1"]
[White "Nihal, Sarin"]
[Black "Borisek, Jure"]
[Result "1/2-1/2"]
[WhiteTitle "FM"]
[BlackTitle "GM"]
[WhiteElo "2340"]
[BlackElo "2565"]
[WhiteTeam "Delhi Dynamite"]
[BlackTeam "Ljubljana Direwolves"]
[WhiteFideId "25092340"]
[BlackFideId "14603152"]
[EventDate "2017.01.11"]

1. d4 Nf6 2. c4 g6 3. Nc3 d5 4. Bg5 Bg7 5. Bxf6 Bxf6 6. cxd5 c5 7. dxc5 Nd7 8.
c6 Nb6 9. cxb7 Bxb7 10. e4 O-O 11. Bd3 Rc8 12. Nge2 Nc4 13. Bxc4 Rxc4 14. O-O
Qb6 15. Qd2 Rfc8 16. Rab1 e6 17. Rfc1 exd5 18. Nxd5 Bxd5 19. exd5 Rxc1+ 20. Rxc1
Rxc1+ 21. Nxc1 Bxb2 22. Nb3 Be5 23. g3 h5 24. Kg2 Qb5 25. h4 Qc4 26. Kg1 Bd6 27.
Qd4 Qa6 28. Nd2 Qxa2 29. Ne4 Qb1+ 30. Kg2 Qb4 31. Qd3 a5 32. Nxd6 Qxd6 33. Qb5
Qd8 34. Qc6 Kf8 35. d6 a4 36. Qc7 Ke8 37. Qc6+ Kf8 38. Qc7 Ke8 39. Qc6+ 1/2-1/2

[Event "PRO League Eastern 2017"]
[Site "chess.com INT"]
[Date "2017.01.11"]
[Round "1"]
[White "Mohammad, Nubairshah Shaikh"]
[Black "Vertetics, Attila"]
[Result "1-0"]
[WhiteTitle "IM"]
[BlackTitle "IM"]
[WhiteElo "2412"]
[BlackElo "2416"]
[WhiteTeam "Mumbai Movers"]
[BlackTeam "Budapest Gambit"]
[WhiteFideId "5053196"]
[BlackFideId "723720"]
[EventDate "2017.01.11"]

1. d4 d5 2. c4 c6 3. Nf3 Nf6 4. Nc3 a6 5. a4 e6 6. Bg5 a5 7. e3 Be7 8. Be2 O-O
9. O-O Na6 10. Qb3 Nb4 11. Na2 Nxa2 12. Qxa2 Nd7 13. Bf4 Nb8 14. Rac1 Na6 15.
Qb1 Nb4 16. e4 b6 17. Rfd1 Ba6 18. b3 Rc8 19. Bf1 Re8 20. h3 h6 21. Ne5 Bg5 22.
Bxg5 Qxg5 23. Rc3 c5 24. Rg3 Qh4 25. exd5 exd5 26. Nxf7 Qf6 27. Ne5 cxd4 28. Ng4
Qf4 29. Qg6 Kh8 30. Qxb6 dxc4 31. Rxd4 Qc1 32. Rd6 Re1 33. Rxh6+ gxh6 34. Qd4+
Kg8 35. Nxh6+ Kf8 36. Qf6+ Ke8 37. Qf7+ Kd8 38. Rg8+ 1-0

[Event "PRO League Eastern 2017"]
[Site "chess.com INT"]
[Date "2017.01.11"]
[Round "1"]
[White "Mihok, Oliver"]
[Black "Abhishek, Kelkar"]
[Result "1-0"]
[WhiteTitle "GM"]
[BlackTitle "IM"]
[WhiteElo "2505"]
[BlackElo "2381"]
[WhiteTeam "Budapest Gambit"]
[BlackTeam "Mumbai Movers"]
[WhiteFideId "728012"]
[BlackFideId "5019257"]
[EventDate "2017.01.11"]

1. e4 c6 2. d4 d5 3. Nd2 dxe4 4. Nxe4 Nf6 5. Nxf6+ exf6 6. c3 Bd6 7. Bd3 O-O 8.
Ne2 Re8 9. Qc2 g6 10. h4 Nd7 11. h5 f5 12. Bh6 Bf8 13. hxg6 hxg6 14. Qd2 Qf6 15.
O-O-O b5 16. Kb1 Rb8 17. Bg5 Qe6 18. Nf4 Qd6 19. g4 fxg4 20. f3 b4 21. Qh2 Bg7
22. Qh7+ Kf8 23. fxg4 Nf6 24. Bxf6 Bxf6 25. g5 Bxg5 26. Nxg6+ fxg6 27. Rdf1+ Bf4
28. Bxg6 Bf5+ 29. Bxf5 bxc3 30. Qh8+ Ke7 31. Re1+ 1-0

[Event "PRO League Eastern 2017"]
[Site "chess.com INT"]
[Date "2017.01.11"]
[Round "1"]
[White "Mihok, Oliver"]
[Black "Gagare, Shardul"]
[Result "1-0"]
[WhiteTitle "GM"]
[BlackTitle "GM"]
[WhiteElo "2505"]
[BlackElo "2472"]
[WhiteTeam "Budapest Gambit"]
[BlackTeam "Mumbai Movers"]
[WhiteFideId "728012"]
[BlackFideId "5037883"]
[EventDate "2017.01.11"]

1. e4 e6 2. d4 d5 3. Nc3 Nf6 4. e5 Nfd7 5. f4 c5 6. Nf3 Nc6 7. Be3 Be7 8. Qd2
O-O 9. dxc5 Bxc5 10. O-O-O Qa5 11. a3 Rb8 12. Bxc5 Nxc5 13. Qe3 Bd7 14. f5 Qb6
15. Qg5 f6 16. exf6 Rxf6 17. fxe6 Bxe6 18. Nxd5 Bxd5 19. Qxd5+ Kh8 20. Bc4 Na4
21. Qb5 Qe3+ 22. Kb1 Nb6 23. Rhe1 Qf4 24. Ba2 Rf5 25. Qd3 Na4 26. Re4 Qc7 27.
Rxa4 Rd8 28. Qe2 Rff8 29. Rxd8 Qxd8 30. Re4 b5 31. h4 a5 32. Ng5 Nd4 33. Nf7+
Rxf7 34. Re8+ Rf8 35. Rxd8 Rxd8 36. Qe1 Nc6 37. Bd5 Nd4 38. Qxa5 Rf8 39. Bf3 1-0

[Event "PRO League Eastern 2017"]
[Site "chess.com INT"]
[Date "2017.01.11"]
[Round "1"]
[White "Sebenik, Matej"]
[Black "Grover, Sahaj"]
[Result "1-0"]
[WhiteTitle "GM"]
[BlackTitle "GM"]
[WhiteElo "2534"]
[BlackElo "2467"]
[WhiteTeam "Ljubljana Direwolves"]
[BlackTeam "Delhi Dynamite"]
[WhiteFideId "14602296"]
[BlackFideId "5021103"]
[EventDate "2017.01.11"]

1. Nf3 Nf6 2. c4 b6 3. g3 Bb7 4. Bg2 g6 5. d4 Bg7 6. O-O O-O 7. Bf4 d6 8. Nc3
Ne4 9. Nxe4 Bxe4 10. Qd2 c5 11. d5 Bxf3 12. exf3 Nd7 13. Bh6 a6 14. Rfe1 b5 15.
Bxg7 Kxg7 16. b3 bxc4 17. bxc4 Rb8 18. h4 Nf6 19. Re3 Qc7 20. Rae1 Rfe8 21. g4
Qb7 22. Rb3 Qc7 23. h5 gxh5 24. g5 Nd7 25. f4 Rxb3 26. axb3 Qb7 27. Qc3+ Kg8 28.
Qf3 Nf8 29. f5 Qb4 30. Re3 Qa3 31. Qxh5 Qa1+ 32. Kh2 Qd4 33. f6 Qf4+ 34. Kg1 Qf5
35. Rxe7 1-0

[Event "PRO League Eastern 2017"]
[Site "chess.com INT"]
[Date "2017.01.11"]
[Round "1"]
[White "Sebenik, Matej"]
[Black "Tania, Sachdev"]
[Result "1-0"]
[WhiteTitle "GM"]
[BlackTitle "IM"]
[WhiteElo "2534"]
[BlackElo "2429"]
[WhiteTeam "Ljubljana Direwolves"]
[BlackTeam "Delhi Dynamite"]
[WhiteFideId "14602296"]
[BlackFideId "5007844"]
[EventDate "2017.01.11"]

1. Nf3 Nf6 2. c4 e6 3. g3 d5 4. Bg2 dxc4 5. Qa4+ c6 6. Qxc4 b5 7. Qc2 Bb7 8. O-O
a6 9. a4 c5 10. axb5 axb5 11. Rxa8 Bxa8 12. Na3 Qb6 13. Qb3 Bc6 14. Ne5 Bxg2 15.
Kxg2 b4 16. Qa4+ Nfd7 17. Nac4 Qb7+ 18. f3 Be7 19. d3 O-O 20. Be3 f6 21. Nxd7
Nxd7 22. Ra1 Qd5 23. Qa7 Rb8 24. Bf2 Rb7 25. Qa8+ Rb8 26. Qa7 Rb7 27. Qa6 Nb8
28. Qa8 Kf7 29. g4 Rb5 30. Ra7 Qxa8 31. Rxa8 Nc6 32. Ra6 Nd4 33. Ra7 Ke8 34.
Bxd4 cxd4 35. b3 Rd5 36. f4 Rd7 37. Ra6 Kf7 38. Kf3 Bc5 39. h4 Ke7 40. h5 h6 41.
Rc6 Ba7 42. f5 e5 43. Ke4 Rb7 44. Rc8 Rd7 45. Na5 Kd6 46. Rc6+ Ke7 47. Rc4 Kf7
48. Rxb4 Rc7 49. Rb7 Rxb7 50. Nxb7 Ke7 51. Kd5 Kd7 52. Nc5+ Kc7 53. Ne6+ Kb6 54.
Nxg7 1-0

[Event "PRO League Eastern 2017"]
[Site "chess.com INT"]
[Date "2017.01.11"]
[Round "1"]
[White "Grover, Sahaj"]
[Black "Jeran, Bostjan"]
[Result "1-0"]
[WhiteTitle "GM"]
[WhiteElo "2467"]
[BlackElo "2236"]
[WhiteTeam "Delhi Dynamite"]
[BlackTeam "Ljubljana Direwolves"]
[WhiteFideId "5021103"]
[BlackFideId "14604612"]
[EventDate "2017.01.11"]

1. e4 e5 2. Nf3 Nf6 3. Nc3 Bb4 4. Nxe5 O-O 5. Nd3 Bxc3 6. dxc3 Nxe4 7. Be2 d6 8.
O-O Nd7 9. Nf4 Re8 10. Be3 Ndf6 11. Bd4 Bd7 12. f3 Ng5 13. Qd2 Ne6 14. Nxe6 Bxe6
15. Bd3 h6 16. c4 Nd7 17. Qf4 b6 18. h4 Nf8 19. Qg3 f6 20. Rae1 Bf7 21. Rxe8
Bxe8 22. Re1 Bf7 23. Be4 Rb8 24. Bd5 Bxd5 25. cxd5 Kf7 26. Re4 h5 27. Rf4 Qd7
28. Qg5 Ng6 29. Bxf6 Rg8 30. Rf5 gxf6 31. Rxf6+ Ke8 32. Rxg6 Rxg6 33. Qxg6+ Kd8
34. Qg8+ Ke7 35. Qg7+ Kd8 36. Qf8+ Qe8 37. Qxe8+ 1-0

[Event "PRO League Eastern 2017"]
[Site "chess.com INT"]
[Date "2017.01.11"]
[Round "1"]
[White "Grover, Sahaj"]
[Black "Lenic, Luka"]
[Result "0-1"]
[WhiteTitle "GM"]
[BlackTitle "GM"]
[WhiteElo "2467"]
[BlackElo "2641"]
[WhiteTeam "Delhi Dynamite"]
[BlackTeam "Ljubljana Direwolves"]
[WhiteFideId "5021103"]
[BlackFideId "14603853"]
[EventDate "2017.01.11"]

1. e4 e5 2. Nf3 Nc6 3. Bb5 a6 4. Ba4 Nf6 5. Qe2 b5 6. Bb3 Be7 7. O-O O-O 8. c3
d6 9. Rd1 Na5 10. Bc2 c5 11. d4 Qc7 12. d5 Bd7 13. Nbd2 Nb7 14. Nf1 c4 15. Ng3
a5 16. h3 Nc5 17. Nh2 Rfb8 18. f4 b4 19. Be3 bxc3 20. bxc3 Rb2 21. Bc1 Rxc2 22.
Qxc2 Ba4 23. Qe2 Bxd1 24. Qxd1 Ncxe4 25. Nxe4 Nxe4 26. Qf3 Qc5+ 27. Be3 Qxd5 28.
Rd1 Qc6 29. fxe5 d5 30. Rf1 Qe6 31. Ng4 Nxc3 32. Kh1 Ne4 33. Bd4 Bh4 34. Rg1 Rc8
35. g3 Bg5 36. Kh2 c3 37. h4 c2 0-1

[Event "PRO League Eastern 2017"]
[Site "chess.com INT"]
[Date "2017.01.11"]
[Round "1"]
[White "Kotepalli, Sai Nirupama"]
[Black "Yakhiyayev, Abdikhadir"]
[Result "0-1"]
[WhiteTitle "WFM"]
[WhiteElo "1978"]
[BlackElo "2048"]
[WhiteTeam "Amaravati Yodhas"]
[BlackTeam "Shymkent Nomads"]
[WhiteFideId "5039444"]
[BlackFideId "13711113"]
[EventDate "2017.01.11"]

1. e4 e6 2. d3 d5 3. Nd2 Nf6 4. Ngf3 Be7 5. g3 O-O 6. Bg2 c5 7. O-O Nc6 8. e5
Nd7 9. Qe2 Qc7 10. Re1 b5 11. Nf1 Bb7 12. h4 Rfd8 13. Bf4 Rac8 14. c3 Nf8 15. h5
h6 16. Qd2 Nh7 17. g4 d4 18. Ng3 dxc3 19. bxc3 Qd7 20. Rad1 b4 21. c4 Nd4 22.
Nxd4 Bxg2 23. Kxg2 Qxd4 24. Ne4 Qd7 25. Re3 Qb7 26. Rf3 Rd4 27. Be3 Rd7 28. g5
hxg5 29. Bxg5 Bf8 30. Qf4 Rcc7 31. Qg4 Rd4 32. Re1 Rcd7 33. Qg3 Rxe4 34. Rxe4
Rxd3 35. Ref4 Rxf3 36. Rxf3 Qe4 37. h6 g6 0-1

[Event "PRO League Eastern 2017"]
[Site "chess.com INT"]
[Date "2017.01.11"]
[Round "1"]
[White "Kotepalli, Sai Nirupama"]
[Black "Bigabylov, Zhuban"]
[Result "0-1"]
[WhiteTitle "WFM"]
[WhiteElo "1978"]
[BlackElo "2216"]
[WhiteTeam "Amaravati Yodhas"]
[BlackTeam "Shymkent Nomads"]
[WhiteFideId "5039444"]
[BlackFideId "13701495"]
[EventDate "2017.01.11"]

1. e4 c5 2. Nf3 Nc6 3. d3 g6 4. g3 Bg7 5. Bg2 e6 6. O-O Nge7 7. c3 b5 8. Be3 d6
9. a3 Rb8 10. d4 cxd4 11. cxd4 O-O 12. Nc3 b4 13. axb4 Rxb4 14. Qd2 a5 15. h4 d5
16. e5 Nf5 17. Rfc1 Bd7 18. Ne2 Qb6 19. Rc2 Rb8 20. g4 Nxe3 21. Qxe3 Rxb2 22.
Rc3 Rb1+ 23. Rxb1 Qxb1+ 24. Rc1 Qb4 25. h5 a4 26. hxg6 fxg6 27. Ng5 h6 28. Nxe6
Bxe6 29. Rxc6 Bxg4 30. Rxg6 Qb1+ 31. Kh2 Qxg6 32. Bxd5+ Kh8 33. Nf4 Qg5 34. e6
Bf6 35. Be4 Bh5 36. Bc6 Rg8 37. Bg2 Be7 0-1

[Event "PRO League Eastern 2017"]
[Site "chess.com INT"]
[Date "2017.01.11"]
[Round "1"]
[White "Svicevic, Rastko"]
[Black "Ankit, R. Rajpara"]
[Result "0-1"]
[WhiteTitle "FM"]
[BlackTitle "GM"]
[WhiteElo "2189"]
[BlackElo "2474"]
[WhiteTeam "Belgrade Sparrows"]
[BlackTeam "Odisha Express"]
[WhiteFideId "916315"]
[BlackFideId "5023335"]
[EventDate "2017.01.11"]

1. d4 d5 2. Bg5 h6 3. Bh4 g5 4. Bg3 Nf6 5. h4 g4 6. Be5 c5 7. e3 Nc6 8. Nc3 Bg7
9. Bb5 cxd4 10. exd4 Bf5 11. Nge2 h5 12. Qd2 a6 13. Bd3 Nxe5 14. dxe5 Ne4 15.
Qf4 Nxc3 16. bxc3 Be6 17. Nd4 Qc7 18. Nxe6 fxe6 19. Bg6+ Kd7 20. O-O Bxe5 21.
Qc1 g3 22. f4 Bd6 23. Rf3 Raf8 24. Rb1 Rxf4 25. Qd1 Rxh4 0-1

[Event "PRO League Eastern 2017"]
[Site "chess.com INT"]
[Date "2017.01.11"]
[Round "1"]
[White "Gagare, Shardul"]
[Black "Bagi, Mate"]
[Result "1/2-1/2"]
[WhiteTitle "GM"]
[BlackTitle "IM"]
[WhiteElo "2472"]
[BlackElo "2443"]
[WhiteTeam "Mumbai Movers"]
[BlackTeam "Budapest Gambit"]
[WhiteFideId "5037883"]
[BlackFideId "742570"]
[EventDate "2017.01.11"]

1. c4 Nf6 2. g3 c5 3. Bg2 d5 4. cxd5 Nxd5 5. Nc3 Nc7 6. Nf3 Nc6 7. O-O e5 8. a3
Rb8 9. Rb1 f6 10. d3 Be7 11. Be3 O-O 12. b4 cxb4 13. axb4 a6 14. Bb6 Qd7 15. Nd2
Nb5 16. Nd5 Bd8 17. Bc5 Re8 18. Nc4 Qf7 19. Nd6 Nxd6 20. Bxd6 Ra8 21. Bc5 Be6
22. Nc3 Rc8 23. b5 axb5 24. Rxb5 Qd7 25. Qb1 b6 26. Bxb6 Bxb6 27. Rxb6 Nd4 28.
Ne4 Nxe2+ 29. Kh1 Nc3 30. Qa1 Nxe4 31. dxe4 Rc2 32. Rd1 Qc7 33. Qa4 Bf7 34. Ra6
Rc1 35. Bf3 1/2-1/2

[Event "PRO League Eastern 2017"]
[Site "chess.com INT"]
[Date "2017.01.11"]
[Round "1"]
[White "Gagare, Shardul"]
[Black "Vertetics, Attila"]
[Result "0-1"]
[WhiteTitle "GM"]
[BlackTitle "IM"]
[WhiteElo "2472"]
[BlackElo "2416"]
[WhiteTeam "Mumbai Movers"]
[BlackTeam "Budapest Gambit"]
[WhiteFideId "5037883"]
[BlackFideId "723720"]
[EventDate "2017.01.11"]

1. c4 c6 2. d4 d5 3. Nc3 Nf6 4. e3 a6 5. Nf3 Bf5 6. Bd3 Bxd3 7. Qxd3 e6 8. O-O
Bb4 9. Bd2 O-O 10. Rac1 Ba5 11. a3 Nbd7 12. b4 Bc7 13. Rfe1 Nb6 14. c5 Nc4 15.
e4 Nxd2 16. Qxd2 Nxe4 17. Nxe4 dxe4 18. Rxe4 a5 19. Rg4 Qf6 20. h4 axb4 21. Qxb4
Ra7 22. Rd1 Rd8 23. Qb3 h6 24. Re4 Qf5 25. Rde1 Qd5 26. Qb2 Rda8 27. R4e3 Rd8
28. Rb3 Rd7 29. g3 Bd8 30. Ne5 Rc7 31. Ng4 Rd7 32. Rd3 Bf6 33. Nxf6+ gxf6 34.
Qd2 Kg7 35. Qf4 Ra4 36. Re4 f5 37. Re5 Qc4 38. Ree3 Qd5 39. Re5 Qc4 40. Ree3
Rxd4 41. Qe5+ Kg6 42. h5+ Kh7 43. Qc7 Kg7 44. Rxd4 Qxd4 45. Rxe6 Qd1+ 46. Kh2
Qxh5+ 47. Kg2 Re4 48. Re7 Rxe7 49. Qxe7 f4 50. gxf4 Qg4+ 51. Kf1 Qxf4 52. Qxb7
Qc1+ 53. Ke2 Qc2+ 54. Kf3 Qd3+ 55. Kg2 Qd5+ 56. f3 Qxc5 57. Qb2+ Kf8 58. a4 Ke7
59. Qd2 Qg5+ 60. Qxg5+ hxg5 61. Kf2 c5 62. Ke3 f5 63. Kd3 g4 64. fxg4 fxg4 65.
a5 Kd7 66. Ke4 c4 67. Kd4 g3 68. Ke3 c3 69. Kf3 c2 70. Kxg3 c1=Q 71. Kf3 Qc3+
72. Ke4 Qxa5 73. Kd4 Kd6 74. Kd3 Ke5 75. Kc2 Kd4 76. Kb3 Kd3 77. Kb2 Qb4+ 78.
Kc1 Qb5 0-1